000 00378nam a22001577a 4500
005 20250521102338.0
008 160519b xxu||||| |||| 00| 0 eng d
041 _aeng
082 _b3311
100 _aGhosh. N.N.
_9821
245 _aCBSE PHYSICS FOR CLASS-XII
260 _aRanchi
_bParamaours Printers,
300 _a467
650 _aDIPLOMA ENGINEERING
_9817
942 _cBK
999 _c1128
_d1128